000 00647nam a2200217Ii 4500
003 JO-AjNU
008 230606s9999||||xx |||||||||||||| ||und||
020 _a0-13-989716-x
040 _aJO-AjNU
_beng
_erda
_cJO-AjNU
041 _aeng
050 1 4 _aHF5635 .M48833 1999
100 3 _aEddie: McLaney and Peter Atrill,
_eauthor
_93054
245 0 0 _aAccounting : an introduction
250 _a1 ed
264 3 1 _aNew York : Prentice Hall,1999
300 _a683p
_b Includes indexes(pages 682-683)
336 _atext
_btxt
_2rdacontent
337 _aunmediated
_bn
_2rdamedia
338 _avolume
_bnc
_2rdacarrier
650 4 _aAccounting
_93055
999 _aE1602
_c1602
_d1602